Tenancy deposits implementation (Record no. 104472)

MARC details
000 -LEADER
fixed length control field 00976cam a2200193 4500
001 - CONTROL NUMBER
control field L130505
008 - FIXED-LENGTH DATA ELEMENTS--GENERAL INFORMATION
fixed length control field 050808n2005 000 0 eng u
035 ## - SYSTEM CONTROL NUMBER
System control number (Sirsi) u130505
041 ## - LANGUAGE CODE
Language code of text/sound track or separate title eng
110 ## - MAIN ENTRY--CORPORATE NAME
Corporate name or jurisdiction name as entry element PKF Consultants
9 (RLIN) 4753
245 ## - TITLE STATEMENT
Title Tenancy deposits implementation
Remainder of title scoping study report 2005
260 ## - PUBLICATION, DISTRIBUTION, ETC.
Place of publication, distribution, etc. London
Name of publisher, distributor, etc. ODPM
Date of publication, distribution, etc. 2005
300 ## - PHYSICAL DESCRIPTION
Extent 46p.
520 ## - SUMMARY, ETC.
Summary, etc. An ODPM commissioned report to assist with the implementation of tenancy deposit arrangements according to the Housing Act 2004. Draws up a set of conclusions that include: minimum specifications; establishment of a separate ADR scheme; landlord and agent behaviours; optimum number of schemes; publicity and awareness; and costs.
590 ## - LOCAL NOTE (RLIN)
Local note IKA160805
690 ## - LOCAL SUBJECT ADDED ENTRY--TOPICAL TERM (OCLC, RLIN)
Topical term or geographic name as entry element PROPERTY-RESIDENTIAL PROPERTY-RESIDENTIAL LANDLORD AND TENANT-RESIDENTIAL TENANCIES
856 ## - ELECTRONIC LOCATION AND ACCESS
Uniform Resource Identifier <a href="https://www.communities.gov.uk/documents/housing/pdf/138322.pdf">https://www.communities.gov.uk/documents/housing/pdf/138322.pdf</a>
Public note View the report free of charge at www.dclg.gov.uk...
942 ## - ADDED ENTRY ELEMENTS (KOHA)
Suppress in OPAC 0
Holdings
Withdrawn status Lost status Source of classification or shelving scheme Damaged status Not for loan Home library Current library Shelving location Date acquired Total Checkouts Full call number Barcode Date last seen Copy number Price effective from Koha item type
    Dewey Decimal Classification     Virtual Virtual Online 08/08/2005   ONLINE PUBLICATION 130505-2001 06/08/2019 1 06/08/2019 Book